<?xml version="1.0" encoding="UTF-8"?>
<record
    xmlns:xsi="http://www.w3.org/2001/XMLSchema-instance"
    xsi:schemaLocation="http://www.loc.gov/MARC21/slim http://www.loc.gov/standards/marcxml/schema/MARC21slim.xsd"
    xmlns="http://www.loc.gov/MARC21/slim">

  <leader>01159nam a2200265 a 4500</leader>
  <controlfield tag="001">000002534</controlfield>
  <controlfield tag="005">20200929150217.0</controlfield>
  <controlfield tag="008">840402s1940    ag            001 p spa  </controlfield>
  <datafield tag="040" ind1=" " ind2=" ">
    <subfield code="a">DO-SdBNP</subfield>
    <subfield code="b">spa</subfield>
    <subfield code="c">BNPHU</subfield>
  </datafield>
  <datafield tag="082" ind1=" " ind2=" ">
    <subfield code="a">861.12</subfield>
    <subfield code="b">P744C, 1940</subfield>
  </datafield>
  <datafield tag="245" ind1="0" ind2="0">
    <subfield code="a">Poema del Cid /</subfield>
    <subfield code="c">Edici&#xF3;n cr&#xED;tica, Ram&#xF3;n Men&#xE9;ndez Pidal ; versi&#xF3;n en romance moderno, Pedro Salinas.</subfield>
  </datafield>
  <datafield tag="250" ind1=" " ind2=" ">
    <subfield code="a">3a ed.</subfield>
  </datafield>
  <datafield tag="260" ind1=" " ind2=" ">
    <subfield code="a">Buenos Aires :</subfield>
    <subfield code="b">Losada,</subfield>
    <subfield code="c">1940.</subfield>
  </datafield>
  <datafield tag="300" ind1=" " ind2=" ">
    <subfield code="a">289 p. ;</subfield>
    <subfield code="c">18 cm.</subfield>
  </datafield>
  <datafield tag="490" ind1="1" ind2=" ">
    <subfield code="a">Las cien obras maestras de la literatura y del pensamiento universal</subfield>
    <subfield code="v">no. 1</subfield>
  </datafield>
  <datafield tag="500" ind1=" " ind2=" ">
    <subfield code="a">Las cien obras maestras de la literatura y del pensamiento universal fueron publicadas bajo la dircci&#xF3;n de Pedro Henr&#xED;quez Ure&#xF1;a.</subfield>
  </datafield>
  <datafield tag="600" ind1="1" ind2="4">
    <subfield code="a">CID,</subfield>
    <subfield code="d">1043-1099</subfield>
    <subfield code="x">ROMANCES</subfield>
    <subfield code="9">7961</subfield>
  </datafield>
  <datafield tag="650" ind1=" " ind2="4">
    <subfield code="a">Poes&#xED;a &#xE9;pica espa&#xF1;ola</subfield>
    <subfield code="y">SIGLO X - XIV</subfield>
    <subfield code="9">7962</subfield>
  </datafield>
  <datafield tag="650" ind1=" " ind2="4">
    <subfield code="a">Poes&#xED;a narrativa</subfield>
    <subfield code="9">7963</subfield>
  </datafield>
  <datafield tag="650" ind1=" " ind2="4">
    <subfield code="a">Caballeros y caballeria</subfield>
    <subfield code="x">Poes&#xED;a</subfield>
    <subfield code="9">7964</subfield>
  </datafield>
  <datafield tag="650" ind1=" " ind2="4">
    <subfield code="a">H&#xE9;roes</subfield>
    <subfield code="x">Poes&#xED;as</subfield>
    <subfield code="9">7965</subfield>
  </datafield>
  <datafield tag="700" ind1="1" ind2=" ">
    <subfield code="a">Men&#xE9;ndez Pidal, Ram&#xF3;n,</subfield>
    <subfield code="d">1869-1968.</subfield>
    <subfield code="e">tr.</subfield>
    <subfield code="9">3902</subfield>
  </datafield>
  <datafield tag="700" ind1="1" ind2=" ">
    <subfield code="a">Salinas, Pedro,</subfield>
    <subfield code="d">1892-1951.</subfield>
    <subfield code="e">ed.</subfield>
    <subfield code="9">7966</subfield>
  </datafield>
  <datafield tag="830" ind1=" " ind2="4">
    <subfield code="a">Las cien obras maestras de la literatura y del pensamiento universal ;</subfield>
    <subfield code="v">no. 1</subfield>
    <subfield code="9">7967</subfield>
  </datafield>
  <datafield tag="952" ind1=" " ind2=" ">
    <subfield code="0">0</subfield>
    <subfield code="1">0</subfield>
    <subfield code="5">4</subfield>
    <subfield code="7">0</subfield>
    <subfield code="8">MO</subfield>
    <subfield code="a">GR</subfield>
    <subfield code="b">GR</subfield>
    <subfield code="c">CT</subfield>
    <subfield code="d">2010-03-23</subfield>
    <subfield code="i">LF1</subfield>
    <subfield code="l">0</subfield>
    <subfield code="o">861.12 P744C, 1940</subfield>
    <subfield code="p">2534-10</subfield>
    <subfield code="r">2020-06-25</subfield>
    <subfield code="w">2020-06-25</subfield>
    <subfield code="y">4</subfield>
    <subfield code="Z">Pr&#xE9;stamo en sala</subfield>
  </datafield>
  <datafield tag="999" ind1=" " ind2=" ">
    <subfield code="c">2370</subfield>
    <subfield code="d">2370</subfield>
  </datafield>
</record>
